| 000 | 00710nam a2200289 a 4500 | ||
|---|---|---|---|
| 003 | AR-BaBNM | ||
| 005 | 20251128205700.0 | ||
| 008 | 082120s2002 ||||||||||||||000 | spa|| | ||
| 020 | _a84-7522-350-8 | ||
| 040 | _cAR-BaBNM | ||
| 100 | 1 | _aGarcía Lorca, Federico | |
| 245 | 0 | 0 | _aAntología poética |
| 260 |
_aMadrid _bVisor _c1996 |
||
| 300 | _a95 p. | ||
| 490 | 0 |
_aVisor de poesía _vv. 350 |
|
| 650 | 4 | _aLITERATURA ESPAÑOLA | |
| 650 | 4 | _aPOESIA | |
| 650 | 4 | _aTEATRO | |
| 650 | 4 | _aTRADICION ORAL | |
| 650 | 4 | _aLITERATURA POPULAR | |
| 653 | _aROMANCES | ||
| 653 | _aGENERACION DE 1927 | ||
| 655 | _aLITERATURA | ||
| 700 | 1 |
_aAlberti, Rafael _ecompilador |
|
| 942 | _cBK | ||
| 998 | _cMARTIN | ||
| 999 |
_c12386 _d12386 |
||